000 00345nam a2200133Ia 4500
008 240624s9999 xx 000 0 und d
041 _aeng
082 _a658.408 KOG
100 _aKOGUT BRUCE
245 _aSMALL WORLDS OF CORPORATE GOVERNANCE
260 _c2012
_aCambridge
_bMIT Press
300 _axiii, : 388 : p. : cm. ; 23
365 _c
_b26
999 _c23500
_d23500